| 000 | 00781cam a22002897a 4500 | ||
|---|---|---|---|
| 003 | CHAP | ||
| 005 | 20220817043137.0 | ||
| 008 | 971013s1982 r 00010 d | ||
| 010 | _a66756 | ||
| 011 | _a67728 | ||
| 035 | _a77200 | ||
| 040 | _cCHAP | ||
| 082 |
_a621.93 _bF37 |
||
| 110 | 2 | _aFAO | |
| 245 | 1 | 0 | _aFrame saw manual |
| 260 |
_aRome : _bFAO, _c1982 |
||
| 300 |
_a105 p. _b: ilus., gráfs. |
||
| 490 | 0 |
_aFAO. Montes _v; 39 |
|
| 590 |
_aBATCH-UPD _b10 _c20130110 _lUCH01 _h0848 |
||
| 590 |
_aCONVERSION _b10 _c20130109 _lUCH01 _h1337 |
||
| 650 | 1 | 4 |
_aMaquinaria forestal. _971212 |
| 650 | 1 | 4 |
_aSierras. _9105875 |
| 830 | 0 |
_aFAO. Montes _v; 39 _939632 |
|
| 901 | _aBK | ||
| 942 | _cLIBRO | ||
| 949 |
_a621.93 F37 _bBC _cFAO _d-30065 _eFAO1 _gI.139807 _h72402 _i77200 _si _t6.88 |
||
| 999 |
_c66756 _d66756 |
||